Geometry : a High School Course /

Bibliographic Details
Main Author: Lang, Serge
Corporate Author: SpringerLink (Online service)
Other Authors: Murrow, Gene
Format: eBook
Language:English
Published: New York, NY : Springer New York, 1983.
Subjects:
Online Access:Connect to the full text of this electronic book

MARC

Tag First Indicator Second Indicator Subfields
LEADER 00000cam a2200000Mi 4500
001 in00003572239
006 m o d
007 cr mnu---uuaaa
008 130107s1983 nyu o 000 0 eng
005 20260421174545.4
020 |a 9781475717976 (electronic bk.) 
020 |a 1475717970 (electronic bk.) 
020 |z 9780387907277 
020 |z 0387907270 
020 |z 1475717970 
035 |a (OCoLC)853268112 
040 |a AU@  |b eng  |e pn  |c AU@  |d OCLCO  |d GW5XE  |d OCLCQ  |d OCLCF  |d UtOrBLW 
049 |a TXAM 
050 4 |a QA440-699 
072 7 |a PBM  |2 bicssc 
072 7 |a MAT012000  |2 bisacsh 
082 0 4 |a 516  |2 23 
100 1 |a Lang, Serge. 
245 1 0 |a Geometry :  |b a High School Course /  |c by Serge Lang, Gene Murrow. 
264 1 |a New York, NY :  |b Springer New York,  |c 1983. 
300 |a 1 online resource (xxiii, 470 pages) 
336 |a text  |b txt  |2 rdacontent 
337 |a computer  |b c  |2 rdamedia 
338 |a online resource  |b cr  |2 rdacarrier 
500 |a Electronic resource. 
650 0 |a Mathematics. 
650 0 |a Geometry. 
650 7 |a Geometry.  |2 fast  |0 (OCoLC)fst00940864 
650 7 |a Mathematics.  |2 fast  |0 (OCoLC)fst01012163 
655 7 |a Electronic books.  |2 local 
700 1 |a Murrow, Gene. 
710 2 |a SpringerLink (Online service) 
776 1 8 |i Print version:  |z 9780387907277 
856 4 0 |u http://proxy.library.tamu.edu/login?url=https://link.springer.com/10.1007/978-1-4757-1797-6  |z Connect to the full text of this electronic book  |t 0 
994 |a 92  |b TXA 
999 |a MARS 
999 f f |s e03a6812-71e0-3620-b9d4-19f9d9e18b60  |i 0f727d77-a11b-3cb2-b2b3-577007e332c6  |t 0 
952 f f |a Texas A&M University  |b College Station  |c Electronic Resources  |s www_evans  |d Available Online  |t 0  |e QA440-699  |h Library of Congress classification 
998 f f |a QA440-699  |t 0  |l Available Online